| 000 | 00000cam 2200000zi 4500 |
| 001 | 9.954906 |
| 003 | CaOODSP |
| 005 | 20260216075953 |
| 006 | m o d f |
| 007 | cr cn||||||||| |
| 008 | 250908t20252025onca o f000 0 fre d |
| 020 | |a9780660788258 |
| 040 | |aCaOODSP|bfre|erda|cCaOODSP |
| 043 | |an-cn--- |
| 086 | 1 |aH149-36/2025F-PDF |
| 245 | 00|aComment le vapotage est réglementé et pourquoi c'est important : |bcomment le gouvernement fédéral réglement les produits de vapotage. |
| 246 | 10|aComment le gouvernement fédéral réglement les produits de vapotage |
| 264 | 1|a[Ottawa] : |bSanté Canada = Health Canada, |c[2025] |
| 264 | 4|c©2025 |
| 300 | |a1 ressource en ligne (6 pages) : |billustrations |
| 336 | |atexte|btxt|2rdacontent/fre |
| 337 | |ainformatique|bc|2rdamedia/fre |
| 338 | |aressource en ligne|bcr|2rdacarrier/fre |
| 500 | |aTitre de départ. |
| 500 | |aPublié aussi en anglais sous le titre : How vaping is regulated and why it matters : how the federal government regulates vaping products. |
| 520 | |a« En raison de la présence croissante des produits de vapotage sur le marché canadien et en réponse au rapport de 2015 du Comité permanent de la santé de la Chambre des communes intitulé « Vapotage : vers l'établissement d'un cadre réglementaire sur les cigarettes électroniques », un cadre juridique pour la réglementation des produits de vapotage a été mis en Ĺ“uvre en 2018, afin de protéger les jeunes de la dépendance à la nicotine et de l'usage du tabac, tout en permettant aux adultes d'accéder aux produits de vapotage en tant qu'option de rechange moins nocive que les produits de tabac » -- Page [1]. |
| 530 | |aÉgalement publié en version imprimée. |
| 650 | 6|aVapotage|xDroit|zCanada. |
| 650 | 6|aProduits du tabac|xDroit|zCanada. |
| 710 | 1 |aCanada. |bSanté Canada, |eorganisme de publication. |
| 775 | 08|tHow vaping is regulated and why it matters : |w(CaOODSP)9.954902 |
| 776 | 0#|tRéglementation des produits de vapotage.|w(CaOODSP)9.954908 |
| 856 | 40|qPDF|s316 Ko|uhttps://publications.gc.ca/collections/collection_2026/sc-hc/H149-36-2025-fra.pdf |
| 986 | |a250221 |